[Event "WC-2011-F-00006"]
[Site "LSS email"]
[Date "2011.11.23"]
[Round "?"]
[White "Bilsel, Sabahaddin"]
[Black "Starace, Umberto"]
[Result "0-1"]
[WhiteElo "1927"]
[BlackElo "2053"]
[PlyCount "94"]
[EventDate "2011.12.01"]
[EventType "tourn (corr)"]
[EventRounds "14"]
[EventCountry "GER"]
[SourceTitle "Telechess CBM 163"]
[Source "ChessBase"]
[SourceDate "2014.11.11"]
[SourceVersion "2"]
[SourceVersionDate "2014.11.11"]
[SourceQuality "1"]

1. d4 Nf6 2. c4 e6 3. Nc3 Bb4 4. e3 c5 5. Nge2 cxd4 6. Nxd4 0-0 7. Bd3 d5 8. cxd5 e5 9. Nc2 Bxc3+ 10. bxc3 Qxd5 11. 0-0 Rd8 12. Nb4 Qd6 13. Be2 Qc7 14. Qc2 a5 15. Nd3 Bf5 16. Rd1 Nc6 17. Qb2 e4 18. Nf4 Rxd1+ 19. Bxd1 Rd8 20. Bc2 Ne5 21. h3 g5 22. Ne2 Bxh3 23. Rb1 Nfg4 24. Ng3 Qd6 25. Nf1 Nxf2 26. Qb6 Qxb6 27. Rxb6 Nfd3 28. gxh3 Nxc1 29. Rxb7 Ne2+ 30. Kh1 Rd5 31. Rc7 Nd3 32. Bb3 Rf5 33. Nd2 g4 34. hxg4 Nf2+ 35. Kg2 Nxg4 36. Nc4 Rf3 37. Bd1 Nxe3+ 38. Nxe3 Nf4+ 39. Kg1 Rxe3 40. Kf1 Rh3 41. Kg1 e3 42. Re7 e2 43. Bxe2 Nxe2+ 44. Rxe2 Rxc3 45. a4 Rg3+ 46. Kh2 Rg4 47. Ra2 h5 0-1

[Event "WC-2011-F-00006"]
[Site "LSS email"]
[Date "2011.11.23"]
[Round "?"]
[White "Moskalenko, Eduard"]
[Black "Starace, Umberto"]
[Result "1/2-1/2"]
[WhiteElo "2109"]
[BlackElo "2053"]
[PlyCount "48"]
[EventDate "2011.12.01"]
[EventType "tourn (corr)"]
[EventRounds "14"]
[EventCountry "GER"]
[SourceTitle "Telechess CBM 163"]
[Source "ChessBase"]
[SourceDate "2014.11.11"]
[SourceVersion "2"]
[SourceVersionDate "2014.11.11"]
[SourceQuality "1"]

1. e4 c5 2. Nf3 d6 3. d4 cxd4 4. Nxd4 Nf6 5. Nc3 g6 6. Be3 Bg7 7. f3 Nc6 8. Qd2 0-0 9. 0-0-0 d5 10. exd5 Nxd5 11. Nxc6 bxc6 12. Nxd5 cxd5 13. Qxd5 Qc7 14. Qc5 Qb7 15. Qa3 Bf5 16. Bd3 Rab8 17. b3 Qc6 18. Bxf5 Qc3 19. Qc5 Qb2+ 20. Kd2 gxf5 21. Ke2 Rfc8 22. Qxf5 e6 23. Qf4 Rxc2+ 24. Rd2 Rxd2+ 1/2-1/2

[Event "WC-2011-F-00006"]
[Site "LSS email"]
[Date "2011.11.23"]
[Round "?"]
[White "Schild, Reinhard"]
[Black "Starace, Umberto"]
[Result "1-0"]
[WhiteElo "2027"]
[BlackElo "2053"]
[PlyCount "139"]
[EventDate "2011.12.01"]
[EventType "tourn (corr)"]
[EventRounds "14"]
[EventCountry "GER"]
[SourceTitle "Telechess CBM 163"]
[Source "ChessBase"]
[SourceDate "2014.11.11"]
[SourceVersion "2"]
[SourceVersionDate "2014.11.11"]
[SourceQuality "1"]

1. d4 Nf6 2. c4 e6 3. g3 d5 4. Bg2 dxc4 5. Nf3 c5 6. 0-0 Nc6 7. Qa4 Bd7 8. Qxc4 b5 9. Qd3 Rc8 10. dxc5 Bxc5 11. Nc3 Nb4 12. Qd2 0-0 13. Ne5 a6 14. Rd1 Nbd5 15. Qe1 Nxc3 16. bxc3 Qe7 17. a4 Be8 18. axb5 Bxb5 19. c4 Bb4 20. Bd2 Bxd2 21. Qxd2 Bxc4 22. Nc6 Qb7 23. Qd6 Rfe8 24. Rac1 Bxe2 25. Re1 Bb5 26. Ne7+ Qxe7 27. Qxe7 Rxc1 28. Qxe8+ Nxe8 29. Rxc1 Kf8 30. Bc6 Ke7 31. f4 Nd6 32. Kf2 h6 33. Bxb5 axb5 34. Rc7+ Kf6 35. Ke3 e5 36. fxe5+ Kxe5 37. Rc5+ Ke6 38. Kd4 Nf5+ 39. Kd3 Nd6 40. g4 g6 41. Kd4 Kd7 42. Ke5 f6+ 43. Kd5 Ne8 44. Rc3 Nc7+ 45. Kc5 f5 46. gxf5 gxf5 47. Rh3 Ke6 48. Kc6 Nd5 49. Kxb5 Ke5 50. Kc4 Ke4 51. Rxh6 Ne3+ 52. Kc3 f4 53. Re6+ Kf3 54. Kd3 Nd1 55. Rg6 Nf2+ 56. Kd2 Ne4+ 57. Ke1 Ke3 58. Kf1 Nd2+ 59. Kg1 Nf3+ 60. Kh1 Nh4 61. Rh6 Nf5 62. Rh5 Nd6 63. Re5+ Kf3 64. Rg5 Ne4 65. Rg8 Ke2 66. h4 Kf2 67. Kh2 Ng3 68. Kh3 Kf3 69. Rh8 Ne4 70. h5 1-0

[Event "WC-2011-F-00006"]
[Site "LSS email"]
[Date "2011.11.23"]
[Round "?"]
[White "Starace, Umberto"]
[Black "Abbey, William"]
[Result "1/2-1/2"]
[WhiteElo "2053"]
[BlackElo "1991"]
[PlyCount "100"]
[EventDate "2011.12.01"]
[EventType "tourn (corr)"]
[EventRounds "14"]
[EventCountry "GER"]
[SourceTitle "Telechess CBM 163"]
[Source "ChessBase"]
[SourceDate "2014.11.11"]
[SourceVersion "2"]
[SourceVersionDate "2014.11.11"]
[SourceQuality "1"]

1. e4 c5 2. Nf3 Nc6 3. d4 cxd4 4. Nxd4 e5 5. Nb5 d6 6. N1c3 a6 7. Na3 Nf6 8. Be3 Rb8 9. Nd5 b5 10. Nxf6+ Qxf6 11. Bd3 Be7 12. 0-0 Qg6 13. Qd2 0-0 14. Nb1 Be6 15. f3 Rfd8 16. Nc3 Nb4 17. Nd5 Nxd5 18. exd5 Bf5 19. Rac1 Rdc8 20. Bxf5 Qxf5 21. Qd3 g6 22. Qxf5 gxf5 23. f4 e4 24. Bd4 Bf8 25. c3 Bg7 26. Rfd1 b4 27. c4 Bxd4+ 28. Rxd4 Rb5 29. b3 Ra5 30. Rd2 Ra3 31. c5 dxc5 32. d6 e3 33. Rb2 Kf8 34. d7 Rd8 35. Rxc5 Rxd7 36. Kf1 Rd2 37. Rcc2 Rd4 38. g3 Ra5 39. Ke2 Re4 40. Kf3 Kg7 41. Re2 Rc5 42. Rxe3 Rd4 43. Kg2 Rd1 44. Ree2 Kf6 45. Kh3 Rd8 46. Rec2 Rdc8 47. Rd2 R8c6 48. Rd7 Kg7 49. Rbd2 Rc2 50. R7d5 Rh6+ 1/2-1/2

[Event "WC-2011-F-00006"]
[Site "LSS email"]
[Date "2011.11.23"]
[Round "?"]
[White "Starace, Umberto"]
[Black "Vujadinovic, Milan"]
[Result "1/2-1/2"]
[WhiteElo "2053"]
[BlackElo "2022"]
[PlyCount "43"]
[EventDate "2011.12.01"]
[EventType "tourn (corr)"]
[EventRounds "14"]
[EventCountry "GER"]
[SourceTitle "Telechess CBM 163"]
[Source "ChessBase"]
[SourceDate "2014.11.11"]
[SourceVersion "2"]
[SourceVersionDate "2014.11.11"]
[SourceQuality "1"]

1. e4 c5 2. Nf3 d6 3. d4 cxd4 4. Nxd4 Nf6 5. Nc3 g6 6. Be3 Bg7 7. f3 0-0 8. Qd2 Nc6 9. Bc4 Bd7 10. 0-0-0 Rc8 11. Bb3 Nxd4 12. Bxd4 b5 13. h4 a5 14. h5 a4 15. Bxf6 exf6 16. Bd5 b4 17. Ne2 f5 18. hxg6 hxg6 19. Qxb4 Qg5+ 20. Qd2 Qf6 21. Qd4 Qg5+ 22. Qd2 1/2-1/2

[Event "LSS WC-2010-F-00008"]
[Site "LSS email"]
[Date "2010.11.17"]
[Round "?"]
[White "Starace, Umberto"]
[Black "Fels, Bernhard"]
[Result "1/2-1/2"]
[WhiteElo "2053"]
[BlackElo "2018"]
[PlyCount "57"]
[EventDate "2010.11.23"]
[EventType "tourn (corr)"]
[EventRounds "10"]
[EventCountry "GER"]
[SourceTitle "Telechess CBM 155"]
[Source "ChessBase"]
[SourceDate "2013.07.16"]
[SourceVersion "1"]
[SourceVersionDate "2013.07.16"]
[SourceQuality "1"]

1. e4 d5 2. exd5 Qxd5 3. Nc3 Qd6 4. d4 Nf6 5. Nf3 c6 6. Ne5 Nbd7 7. Nc4 Qc7 8. a4 g6 9. Qf3 Bg7 10. Bf4 Qd8 11. a5 Nb8 12. Be5 Bg4 13. Qg3 Be6 14. Be2 Nbd7 15. 0-0 0-0 16. Rfd1 Nxe5 17. Nxe5 Rc8 18. Na4 Bf5 19. c3 Qc7 20. Nc5 Ne4 21. Nxe4 Bxe4 22. Qe3 Bd5 23. h4 c5 24. h5 cxd4 25. cxd4 gxh5 26. Bxh5 Qd6 27. Rdc1 Bh6 28. Qg3+ Bg7 29. Qe3 1/2-1/2

[Event "LSS WC-2009-F-00007"]
[Site "LSS email"]
[Date "2009.11.03"]
[Round "?"]
[White "Fels, Bernhard"]
[Black "Starace, Umberto"]
[Result "1/2-1/2"]
[WhiteElo "2086"]
[BlackElo "2088"]
[PlyCount "77"]
[EventDate "2009.11.08"]
[EventType "tourn (corr)"]
[EventRounds "10"]
[EventCountry "GER"]
[SourceTitle "Telechess CBM 137"]
[Source "ChessBase"]
[SourceDate "2010.07.15"]
[SourceVersion "1"]
[SourceVersionDate "2010.07.15"]
[SourceQuality "1"]

1. d4 Nf6 2. Bg5 e6 3. e4 h6 4. Bxf6 Qxf6 5. Nc3 Bb4 6. Qd2 d6 7. a3 Ba5 8. Nf3 Nc6 9. Bb5 0-0 10. 0-0 a6 11. Bxc6 bxc6 12. b4 Bb6 13. Na4 e5 14. dxe5 dxe5 15. Qc3 Re8 16. h3 a5 17. Rfd1 Bb7 18. Nxb6 cxb6 19. Qe3 c5 20. bxc5 bxc5 21. Rab1 Bc6 22. Nd2 Qf4 23. Qe2 Red8 24. f3 Qg5 25. Nc4 a4 26. Ne3 Rxd1+ 27. Rxd1 Rd8 28. Nd5 f5 29. Qc4 Bxd5 30. Rxd5 Qe3+ 31. Kh2 Rxd5 32. Qxd5+ Kh8 33. Qxe5 Qxa3 34. exf5 Qb4 35. f6 gxf6 36. Qxf6+ Kh7 37. Qf7+ Kh8 38. Qf8+ Kh7 39. Qe7+ 1/2-1/2

[Event "LSS CP-2009-P-00054"]
[Site "LSS email"]
[Date "2009.09.27"]
[Round "?"]
[White "Starace, Umberto"]
[Black "Kireev, Sergey Ivanovich"]
[Result "1/2-1/2"]
[WhiteElo "2087"]
[BlackElo "2294"]
[PlyCount "63"]
[EventDate "2009.10.01"]
[EventType "tourn (corr)"]
[EventRounds "6"]
[EventCountry "GER"]
[SourceTitle "Telechess CBM 137"]
[Source "ChessBase"]
[SourceDate "2010.07.15"]
[SourceVersion "1"]
[SourceVersionDate "2010.07.15"]
[SourceQuality "1"]

1. e4 e5 2. Nf3 Nc6 3. Bb5 a6 4. Ba4 Nf6 5. 0-0 Be7 6. Re1 b5 7. Bb3 0-0 8. h3 Bb7 9. d3 d5 10. exd5 Nxd5 11. Nxe5 Nd4 12. Nc3 Nxb3 13. axb3 Nb4 14. Bf4 Qd4 15. Bg3 Rae8 16. Ne2 Qxb2 17. c3 f6 18. Nd7 Nc2 19. Rb1 Qa2 20. Qd2 Rf7 21. Nd4 Rd8 22. Nb8 Rxd4 23. cxd4 Bb4 24. Re8+ Rf8 25. Rxf8+ Kxf8 26. Nd7+ Kg8 27. Qd1 Nxd4 28. Bxc7 Ne2+ 29. Kh2 h5 30. d4 Nc3 31. Qxh5 Qxb1 32. Qe8+ 1/2-1/2

[Event "LSS WC-2012-S-00002"]
[Site "LSS email"]
[Date "2009.07.13"]
[Round "?"]
[White "Sanner, Zdzislaw"]
[Black "Starace, Umberto"]
[Result "1/2-1/2"]
[WhiteElo "2105"]
[BlackElo "2087"]
[PlyCount "68"]
[EventDate "2009.07.18"]
[EventType "tourn (corr)"]
[EventRounds "10"]
[EventCountry "GER"]
[SourceTitle "Telechess CBM 137"]
[Source "ChessBase"]
[SourceDate "2010.07.15"]
[SourceVersion "1"]
[SourceVersionDate "2010.07.15"]
[SourceQuality "1"]

1. e4 e5 2. f4 exf4 3. Nf3 d5 4. exd5 Qxd5 5. d4 Nf6 6. Bxf4 Bb4+ 7. c3 Bd6 8. Bxd6 cxd6 9. Bd3 Qe6+ 10. Qe2 Qxe2+ 11. Bxe2 0-0 12. Na3 Nc6 13. Bd3 Re8+ 14. Kf2 Re7 15. Nc4 d5 16. Nce5 Nxe5 17. Nxe5 Be6 18. Rhe1 Rae8 19. a4 a5 20. h3 Kf8 21. Re3 Nd7 22. Rae1 Nxe5 23. Rxe5 Bd7 24. b3 Rxe5 25. Rxe5 Be6 26. c4 f6 27. Re3 b6 28. Bxh7 dxc4 29. Bg6 Re7 30. bxc4 Bxc4 31. Rc3 Ba6 32. d5 Rd7 33. Re3 Rd8 34. Re6 Bc4 1/2-1/2

[Event "LSS WC-2012-S-00002"]
[Site "LSS email"]
[Date "2009.07.13"]
[Round "?"]
[White "Starace, Umberto"]
[Black "Pely, Giora"]
[Result "0-1"]
[WhiteElo "2067"]
[BlackElo "2258"]
[PlyCount "88"]
[EventDate "2009.07.18"]
[EventType "tourn (corr)"]
[EventRounds "10"]
[EventCountry "GER"]
[SourceTitle "Corr 2013"]
[Source "ChessBase"]
[SourceDate "2012.11.12"]
[SourceVersion "1"]
[SourceVersionDate "2012.11.12"]
[SourceQuality "1"]
[WhiteTeam "US of America"]
[BlackTeam "US of America"]
[WhiteTeamCountry "USA"]
[BlackTeamCountry "USA"]

1. e4 c5 2. Nf3 d6 3. d4 cxd4 4. Nxd4 Nf6 5. Nc3 a6 6. Bc4 e6 7. 0-0 Be7 8. Be3 0-0 9. f4 Qc7 10. Bb3 b5 11. a3 Bb7 12. f5 e5 13. Nf3 Nbd7 14. Nd2 Nb6 15. Qf3 Rab8 16. Qg3 Kh8 17. Kh1 Nc4 18. Bxc4 bxc4 19. Bg5 Nh5 20. Qh4 Bxg5 21. Qxg5 Nf6 22. Rf3 Ba8 23. Rg3 Rg8 24. b4 cxb3 25. cxb3 h6 26. Qe3 Rgd8 27. b4 Rbc8 28. Re1 d5 29. exd5 Bxd5 30. Nxd5 Nxd5 31. Qe2 Nf4 32. Qg4 f6 33. Ne4 Rd4 34. h3 Qa7 35. Nc5 Nxg2 36. Re4 Rxe4 37. Qxe4 Nf4 38. Rb3 a5 39. Qb7 Qxb7+ 40. Nxb7 axb4 41. axb4 Rc1+ 42. Kh2 Rc2+ 43. Kh1 Ne2 44. Nd6 Nd4 0-1

[Event "LSS WC-2011-S-00004"]
[Site "LSS email"]
[Date "2008.10.23"]
[Round "?"]
[White "Vujadinovic, Milan"]
[Black "Starace, Umberto"]
[Result "1/2-1/2"]
[WhiteElo "2076"]
[BlackElo "2069"]
[PlyCount "29"]
[EventDate "2008.10.23"]
[EventType "tourn (corr)"]
[EventRounds "10"]
[EventCountry "GER"]
[SourceTitle "Corr 2013"]
[Source "ChessBase"]
[SourceDate "2012.11.12"]
[SourceVersion "1"]
[SourceVersionDate "2012.11.12"]
[SourceQuality "1"]
[WhiteTeam "US of America"]
[BlackTeam "US of America"]
[WhiteTeamCountry "USA"]
[BlackTeamCountry "USA"]

1. d4 Nf6 2. Nf3 e6 3. e3 d5 4. Bd3 c5 5. b3 Nc6 6. 0-0 Bd6 7. Bb2 0-0 8. Ne5 Qc7 9. f4 cxd4 10. exd4 Nb4 11. Nc3 Nxd3 12. Qxd3 a6 13. Rf3 b5 14. Rh3 h6 15. a3 1/2-1/2

[Event "LSS WC-2011-S-00004"]
[Site "LSS email"]
[Date "2008.10.23"]
[Round "?"]
[White "Zenker, Othmar"]
[Black "Starace, Umberto"]
[Result "0-1"]
[WhiteElo "2173"]
[BlackElo "2067"]
[PlyCount "30"]
[EventDate "2008.10.23"]
[EventType "tourn (corr)"]
[EventRounds "10"]
[EventCountry "GER"]
[SourceTitle "Corr 2013"]
[Source "ChessBase"]
[SourceDate "2012.11.12"]
[SourceVersion "1"]
[SourceVersionDate "2012.11.12"]
[SourceQuality "1"]
[WhiteTeam "US of America"]
[BlackTeam "US of America"]
[WhiteTeamCountry "USA"]
[BlackTeamCountry "USA"]

1. e4 c5 2. Nf3 d6 3. d4 cxd4 4. Nxd4 Nf6 5. Nc3 g6 6. Be3 Bg7 7. f3 Nc6 8. Qd2 0-0 9. Bc4 Bd7 10. 0-0-0 Rc8 11. Bb3 Ne5 12. Kb1 Re8 13. h4 h5 14. Bh6 Bh8 15. g4 Nc4 0-1

[Event "IECG WC Cand email"]
[Site "IECG email"]
[Date "2008.02.15"]
[Round "?"]
[White "Gretencord, Ulrich"]
[Black "Starace, Umberto"]
[Result "1/2-1/2"]
[WhiteElo "1963"]
[BlackElo "2096"]
[PlyCount "60"]
[EventDate "2008.02.15"]
[EventType "tourn (corr)"]
[EventRounds "6"]
[SourceTitle "Corr 2011"]
[Source "ChessBase"]
[SourceDate "2010.08.31"]
[SourceVersion "1"]
[SourceVersionDate "2010.08.31"]
[SourceQuality "1"]

1. d4 Nf6 2. c4 e6 3. Nf3 d5 4. Nc3 Be7 5. Bf4 0-0 6. e3 Nbd7 7. Qc2 c5 8. dxc5 Nxc5 9. Be2 dxc4 10. Bxc4 a6 11. a4 b6 12. 0-0 Bb7 13. Ne5 Qc8 14. Rfd1 Rd8 15. Rxd8+ Bxd8 16. Rd1 Bc7 17. Nd3 Bxf4 18. exf4 Ncd7 19. b3 Qc6 20. f3 Nd5 21. Bxd5 exd5 22. Qd2 Re8 23. h3 h6 24. Nf2 Nf6 25. Ne2 Qd6 26. Ng4 Nh5 27. g3 Nf6 28. Nd4 h5 29. Nxf6+ Qxf6 30. h4 Bc8 1/2-1/2

[Event "IECG WC Cand email"]
[Site "IECG email"]
[Date "2008.02.15"]
[Round "?"]
[White "Starace, Umberto"]
[Black "Digalakis, Georgios"]
[Result "1/2-1/2"]
[WhiteElo "2096"]
[BlackElo "1545"]
[PlyCount "99"]
[EventDate "2008.02.15"]
[EventType "tourn (corr)"]
[EventRounds "6"]
[SourceTitle "Corr 2011"]
[Source "ChessBase"]
[SourceDate "2010.08.31"]
[SourceVersion "1"]
[SourceVersionDate "2010.08.31"]
[SourceQuality "1"]

1. e4 e5 2. Nf3 Nc6 3. Bb5 a6 4. Ba4 Nf6 5. 0-0 Be7 6. Re1 b5 7. Bb3 d6 8. c3 0-0 9. h3 Na5 10. Bc2 c5 11. d4 Qc7 12. Nbd2 cxd4 13. cxd4 Nc6 14. Nb3 a5 15. Be3 a4 16. Nbd2 Bd7 17. Rc1 Qb7 18. Qe2 Rfe8 19. Bd3 Rab8 20. a3 exd4 21. Nxd4 Ne5 22. Bb1 Bd8 23. N4f3 Ba5 24. Nxe5 dxe5 25. Red1 Bb6 26. b4 axb3 27. Nxb3 Qa8 28. Bxb6 Rxb6 29. Nc5 Bc6 30. Qe3 Rbb8 31. Rd6 Red8 32. Rcd1 Rxd6 33. Rxd6 Ne8 34. Rd3 Nf6 35. Rc3 h6 36. Kh2 Rd8 37. f3 Be8 38. Nd3 Nd7 39. Nb4 Nf8 40. Qc5 Ng6 41. Nd5 Qb8 42. Ba2 Nf4 43. Nxf4 exf4 44. e5 Kh7 45. Bd5 Rd7 46. Be4+ g6 47. Bc6 Rc7 48. Qf8 Qd8 49. Rc1 Qe7 50. Qxe7 1/2-1/2